जंबूद्वीपे भरतखंडे: (Record no. 38887)
[ view plain ]
| 000 -LEADER | |
|---|---|
| fixed length control field | 03139 a2200181 4500 |
| 020 ## - INTERNATIONAL STANDARD BOOK NUMBER | |
| ISBN | 9789390372713 |
| 041 ## - LANGUAGE CODE | |
| Language code of text/sound track or separate title | Hindi |
| 082 ## - DEWEY DECIMAL CLASSIFICATION NUMBER | |
| Classification number | 954 |
| Item number | MUR-J |
| 100 ## - MAIN ENTRY--AUTHOR NAME | |
| Personal name | मुरारी,मयंक |
| Fuller form of name | Mayank Murari |
| 245 ## - TITLE STATEMENT | |
| Title | जंबूद्वीपे भरतखंडे: |
| Statement of responsibility, etc | मयंक, मुरारी |
| 246 ## - VARYING FORM OF TITLE | |
| Title proper/short title | Jambudweepe Bharatkhande: Sanatan Pravah Ka Mul Sthan |
| 260 ## - PUBLICATION, DISTRIBUTION, ETC. (IMPRINT) | |
| Name of publisher | प्रभात प्रकाशन |
| Year of publication | 2023 |
| Place of publication | दिल्ली |
| 300 ## - PHYSICAL DESCRIPTION | |
| Number of Pages | 224p. |
| 520 ## - SUMMARY, ETC. | |
| Summary, etc | भारतीय चिंतन में कल्प की अवधारणा का समय के साथ-साथ व्योम; यानी देश के हिसाब से भी विचार किया गया है। पृथ्वी के द्वारा सूर्य का परिभ्रमण करने से संवत्सर काल बनता है। इसी प्रकार जब सूर्य अपनी आकाशगंगा का चक्कर लगाता है तो उसका एक चक्र पूरा होने के समयखंड को मन्वंतर कहा जाता है।<br/><br/>इस प्रकार आकाशगंगा भी इस ब्रह्मांड में किसी ध्रुवतारे या सप्तर्षि या अन्य तारे का चक्कर लगाती है; उसके एक चक्कर की गणना को ही कल्प कहा गया। हमारा सौरमंडल आकाशगंगा के बाहरी इलाके में स्थित है और उसके केंद्र की परिक्रमा कर रहा है। इसे एक परिक्रमा पूरी करने में लगभग 22.5 से 25 करोड़ वर्ष लग जाते हैं। —इसी पुस्तक से<br/><br/>भारतीय जीवन में देश और काल है। काल के साथ गति है और गति के संग जीवनदर्शन जुड़ा है। यह बात ही भारत को विशिष्ट बनाती है। कालचक्र; युगचक्र; ऋतुचक्र; धर्मचक्र; भाग्यचक्र और कर्मचक्र के विधान भारतीय सांस्कृतिक चेतना में समाए हुए हैं।<br/><br/>सनातन के माहात्म्य; भारतीय चिंतन की वैज्ञानिकता और भारतीय जीवन-मूल्यों की पुनर्स्थापना करती विचारोत्तेजक पठनीय कृति। |
| 650 ## - SUBJECT ADDED ENTRY--TOPICAL TERM | |
| Topical Term | सनातन प्रवाह |
| Form subdivision | Translation to heaven |
| General subdivision | human |
| Geographic subdivision | India |
| 650 ## - SUBJECT ADDED ENTRY--TOPICAL TERM | |
| Topical Term | स्वर्ग में अनुवाद |
| Form subdivision | मनुष्य |
| Geographic subdivision | भारत |
| 942 ## - ADDED ENTRY ELEMENTS (KOHA) | |
| Source of classification or shelving scheme | Dewey Decimal Classification |
| Koha item type | Books |
| Withdrawn status | Lost status | Damaged status | Not for loan | Collection code | Home library | Current library | Date acquired | Source of acquisition | Cost, normal purchase price | Full call number | Accession Number | Copy number | Cost, replacement price | Price effective from | Koha item type |
|---|---|---|---|---|---|---|---|---|---|---|---|---|---|---|---|
| हिंदी पुस्तकों पर विशेष संग्रह | NASSDOC Library | NASSDOC Library | 20/03/2024 | All India Book House | 252.70 | 954 MUR-J | 54015 | 350.00 | 20/03/2024 | Books |
